000 00682nam a2200241Ia 4500
003 OSt
005 20220918231101.0
006 a|||||r|||| 00| 0
007 ta
008 220917b |||||||| |||| 00| 0 eng d
024 _a262,991
037 _cTextual
040 _aARTS
_cARTS
_beng
041 _2eng
_aeng
082 _aYxM58:g(Q), L5
100 _aPickering W S F
_920043
245 0 _aDurkheim on religion
_b a selection of readings with bibliographies
260 _aLondon
_bRoutledge and Kegan Paul
_c1975
300 _ax,376p.
_ccm.
650 _aSOCIOLOGY
942 _hYxM58:g(Q), L5
_cTEXL
_2CC
999 _c289803
_d289803